00525nam a2200145 a 450000100100000000500170001000800410002704000250006810000360009324500570012926000500018630000210023695201050025799900170036200003970020201002033703.0130716s1941 ag 000 0 spa d aDO-SdBNPbspacBNPHU1 aRuiz Moreno, Martín T.96589510aVocabulario filosófico /cMartín T. Ruiz Moreno. aBuenos Aires :bGuillermo Kraft LTDA.,c1941. a156 P. ;c23 cm. 001050718MOaGRbGRcCTd2013-07-16iLF1l0o p39700-10r2020-06-25w2020-06-25y1ZNo se presta c39190d39190